[Event "POR-chT 1st League 2017"]
[Site "Leiria"]
[Date "2017.07.22"]
[Round "8"]
[White "Cuenca, Jose Fdo"]
[Black "Medarde Santiago, Luis Marcos"]
[Result "1-0"]
[WhiteElo "2498"]
[BlackElo "2354"]
[Annotator "TA"]
[PlyCount "107"]
[EventDate "2017.??.??"]
[EventType "team-tourn"]
[EventCountry "POR"]
[SourceTitle "playchess.com"]
[Source "ChessBase"]
[SourceQuality "1"]

{[%evp 18,106,41,41,49,34,38,27,86,49,59,24,31,40,40,23,28,14,43,0,0,7,0,0,0,0,-10,-11,-2,0,21,30,146,162,155,44,55,25,53,51,77,108,96,49,63,52,444,444,441,133,127,0,433,437,920,870,733,427,391,0,0,0,86,0,0,0,0,0,43,0,0,0,540,522,29996,29992,29992,29993,29993,29994,29994,29995,29995,29996,29996,29997,29997,29998,29998,29999,29999]} 1. e4 c5 2. Nf3 g6 3. d4 cxd4 4. Nxd4 Nc6 5. c4 Nf6 6. Nc3 d6 7. Be2 Nxd4 8. Qxd4 Bg7 9. Be3 O-O 10. Qd3 a5 {B36: Sicilian: Maroczy Bind: Gurgenidze System} (10... Be6 11. Bd4 Nd7 12. Bxg7 Kxg7 13. O-O Qb6 14. b3 f5 15. exf5 Bxf5 16. Qd2 Nf6 17. Bf3 Bd7 18. Rae1 {1-0 (37) Hovhannisyan,R (2641)-Grigoryan,K (2604) Yerevan 2016}) 11. O-O a4 12. Bd4 Bd7 (12... Qa5 $11 {remains equal.}) 13. f4 $146 ({Predecessor:} 13. b4 axb3 14. axb3 Re8 15. Rfd1 Qb8 16. Rxa8 Qxa8 17. Bxf6 Bxf6 18. Nd5 Qa2 19. Nxf6+ exf6 {½-½ (29) Danzanvilliers,P (2319)-Hallengren,B (2245) IECG email 2002}) 13... Bc6 14. Rad1 Nd7 {[%cal Bf6d7,Bd7c5,Bc5e4][%mdl 32]} 15. Bxg7 Kxg7 16. Kh1 Qb6 17. Rd2 Qb4 (17... Nc5 $5 {[%cal Rc5d3]} 18. Qd4+ f6 $14) 18. h4 Nc5 19. Qd4+ Kg8 20. Nd5 Bxd5 $1 21. exd5 Ne4 22. Rd3 f5 23. Re3 a3 24. b3 b5 (24... Rae8 $11) 25. g4 $1 $16 {[%cal Rg4f5]} Rf6 26. h5 ({Only move:} 26. Rg1 $1 $16 {Hoping for gxf5.} Nf2+ 27. Kh2 Nxg4+ 28. Bxg4 fxg4 29. Rxe7 (29. Rxg4 Kf7 $14)) 26... bxc4 $14 27. Bxc4 Re8 28. h6 g5 29. fxg5 Nxg5 30. gxf5 Rxh6+ 31. Kg2 Kf7 $2 {[%mdl 8192]} (31... Rf6 $1 $14) 32. Rg3 $1 $18 Rg8 33. Qf4 $2 (33. Qe3 $18 {and the rest is easy.}) 33... Kf6 $16 34. Qd4+ $2 {[%mdl 8192]} (34. Rd1 $16) 34... Kf7 $18 35. Qe3 Kf6 (35... Rh4 $142 36. f6 exf6 37. Rxg5 Re4 38. Qa7+ Re7 39. Qxe7+ Kxe7 40. Rxg8 Qd2+ 41. Rf2 Qd4) 36. Re1 Qb7 37. Qd4+ Kf7 {[#]} 38. Qf4 $2 ({White must play} 38. Qd2 $1 $18) 38... Rh5 $11 39. Qe3 Kf6 {[#]} (39... h6 $11) 40. Rf1 (40. Qd4+ $1 $16 Kf7 41. Ree3) 40... Rh4 41. Rf4 Rxf4 42. Qxf4 Qb4 43. Kf2 {Strongly threatening Ke2.} Qc5+ 44. Ke2 {Black must now prevent Qh4.} (44. Kf1 $5 {[%cal Rf4h4]} Qc8 45. Qd4+ Kf7 46. Qg4 $14) 44... Rg7 $2 {[%mdl 8192]} (44... Qc8 $1 $11 {and Black has nothing to worry.}) 45. Qh4 $18 Kxf5 46. Bd3+ {White mates.} Ke5 47. Rxg5+ Rxg5 48. Qxg5+ Kd4 49. Qf4+ Kc3 50. Qd2+ Kd4 51. Bxh7+ Ke5 52. Qg5+ Kd4 53. Qe3+ Kxd5 54. Qe4# {Precision: White = 47%, Black = 37%.} 1-0

[Event "POR-chT 1st League 2017"]
[Site "Leiria"]
[Date "2017.07.22"]
[Round "8"]
[White "Martinez Duany, Lelys Stanley"]
[Black "Fier, Alexandr"]
[Result "1-0"]
[WhiteElo "2495"]
[BlackElo "2589"]
[Annotator "TA"]
[PlyCount "77"]
[EventDate "2017.??.??"]
[EventType "team-tourn"]
[EventCountry "POR"]
[SourceTitle "playchess.com"]
[Source "ChessBase"]
[SourceQuality "1"]

{[%evp 18,77,71,12,22,0,0,0,45,39,37,44,44,43,46,56,97,102,105,118,109,93,147,80,125,122,132,111,150,151,169,174,205,195,322,327,275,92,236,167,154,143,157,160,143,149,801,812,803,800,806,786,1002,997,985,977,1018,1021,1305,1282,1693,1680]} 1. e4 c5 2. Nf3 e6 3. Nc3 Nc6 4. d4 cxd4 5. Nxd4 Nf6 6. Nxc6 bxc6 7. e5 Nd5 8. Ne4 Qc7 9. f4 Rb8 {B45: Sicilian Four Knights} 10. a3 {LiveBook: 5 Games} (10. c4 $16) 10... Qb6 11. Qd3 $146 ({Predecessor:} 11. Bd3 Be7 12. Qf3 Ba6 13. Bxa6 Qxa6 14. Qe2 Qa5+ {½-½ (14) Karjakin,S (2747)-Radjabov,T (2748) Plovdiv 2010}) 11... f5 {The position is equal.} 12. exf6 $1 Nxf6 (12... gxf6 {is interesting.} 13. c4 f5 14. Ng3 Nf6 15. b4 c5) 13. Nxf6+ gxf6 14. Be2 Bc5 15. Rf1 a5 16. b3 {[%cal Bb2b3,Bb3b4][%mdl 32]} Bd4 17. c3 Bc5 18. b4 Be7 19. Be3 c5 (19... Ba6 $142 20. Bxb6 Bxd3 21. bxa5 (21. Bxd3 Rxb6 22. bxa5 Rb2 $14) 21... Be4) 20. Rf3 ({White should play} 20. f5 $1) 20... Qc7 {[%cal Rc5b4]} 21. Rg3 cxb4 22. cxb4 {Rc1 is the strong threat.} axb4 23. Rc1 $1 {[%cal Rc1c7]} Qa5 24. axb4 Bxb4+ 25. Kf2 $1 Qd5 (25... Bb7 $142 26. Rb1 Bc6) 26. Qxd5 $18 exd5 {[#]} 27. Bh5+ $2 (27. Bd4 $1 $18 {[%cal Rd4f6] and the rest is easy.} Bd2 28. Bh5+ Ke7 29. Rg7+ Ke6 {[#]} 30. f5+ $1 {[%mdl 512]} Kxf5 31. Rd1) 27... Ke7 (27... Kd8 $16 {keeps fighting.}) 28. Rg7+ {[%mdl 1024] White has strong compensation.} Ke6 29. Bf7+ Kd6 30. f5 $36 {[%mdl 2048] Intending Bf4+ and mate. White is on the roll.} Ke5 31. Kf3 Bb7 $2 {[%mdl 8192]} (31... Rb5 $16) 32. Bf4+ {White is clearly winning.} Kd4 33. Bxb8 Bd2 34. Rd1 Kc3 35. Bf4 d4+ 36. Kg3 Bxf4+ 37. Kxf4 d3 38. Ke3 Ba6 39. Rg8 {Precision: White = 56%, Black = 23%.} 1-0

[Event "POR-chT 1st League 2017"]
[Site "Leiria"]
[Date "2017.07.22"]
[Round "8"]
[White "Suarez Garcia, Carlos"]
[Black "Carneiro, Carlos"]
[Result "*"]
[WhiteElo "2455"]
[BlackElo "2175"]
[Annotator "TA"]
[PlyCount "49"]
[EventDate "2017.??.??"]
[EventType "team-tourn"]
[EventCountry "POR"]
[SourceTitle "playchess.com"]
[Source "ChessBase"]
[SourceQuality "1"]

{[%evp 10,49,28,17,32,28,31,31,46,41,40,36,72,26,34,9,19,6,4,8,31,39,15,14,19,14,42,0,14,13,27,42,31,22,51,49,68,33,52,28,32,15]} 1. Nf3 d5 2. d4 Nc6 3. Bf4 Bg4 4. e3 e6 5. c4 Bd6 6. Bg3 Nge7 {D02: 1 d4 d5 2 Nf3 sidelines, including 2...Nf6 3 g3 and 2...Nf6 3 Bf4} 7. Nc3 O-O 8. Bd3 (8. cxd5 exd5 9. Be2 Qd7 10. Bxd6 Qxd6 11. O-O Nd8 12. Qb3 c6 13. Ne5 Bxe2 14. Nxe2 {0-1 (54) Xu,J (2510)-Short,N (2683) Caleta 2014}) 8... Ng6 $146 ({Predecessor:} 8... h6 9. cxd5 exd5 10. Qb3 a6 11. O-O Na5 12. Qc2 Bxf3 13. gxf3 b5 14. Rfd1 {1-0 (63) Verzhansky,A (2335)-Kuzmin,I (2218) Irkutsk 2009}) 9. cxd5 exd5 10. Rc1 a6 11. a3 Nce7 12. Qb3 c6 13. Nd2 {[%cal Bf3d2,Bd2b3,Bb3c5][%mdl 32]} (13. Bxg6 $5 hxg6 14. Nd2 $11) 13... Rb8 14. Qc2 Qd7 15. Bxd6 Qxd6 16. O-O Qd7 17. Nb3 Bf5 (17... Bf3 $5 {[%cal Rd7g4]} 18. Nd2 (18. gxf3 $2 Nh4 $17) 18... Bg4 $16) 18. f3 (18. Nc5 $5 {[%cal Rc5d7]} Qc8 19. Bxf5 Nxf5 20. N3a4 $14) 18... Bxd3 19. Qxd3 f5 20. Nc5 Qd6 21. b4 Rfd8 22. Rcd1 Nf8 23. Rfe1 Ne6 24. Nb3 Re8 25. Na4 {Precision: White = 26%, Black = 29%.} *

[Event "POR-chT 1st League 2017"]
[Site "Leiria"]
[Date "2017.07.22"]
[Round "8"]
[White "Suarez Garcia, Carlos"]
[Black "Reis, Luis Sousa"]
[Result "1-0"]
[WhiteElo "2455"]
[BlackElo "2182"]
[Annotator "TA"]
[PlyCount "105"]
[EventDate "2017.??.??"]
[EventType "team-tourn"]
[EventCountry "POR"]
[SourceTitle "playchess.com"]
[Source "ChessBase"]
[SourceQuality "1"]

{[%evp 13,105,35,36,31,50,50,43,45,57,29,35,18,14,9,10,3,19,21,42,4,18,8,58,-2,12,19,31,42,39,20,68,66,70,41,56,16,27,18,24,17,18,0,0,-2,12,9,11,12,10,13,16,7,17,15,22,26,34,12,4,0,20,8,14,24,36,29,34,0,72,23,16,0,0,0,41,69,197,179,291,289,302,307,683,671,635,614,918,872,1044,1139,1483,1048,29989,29988]} 1. Nf3 d5 2. d4 Nc6 3. Bf4 Bg4 4. e3 e6 5. c4 Bd6 6. Bg3 Nge7 {D02: 1 d4 d5 2 Nf3 sidelines, including 2...Nf6 3 g3 and 2...Nf6 3 Bf4} 7. Nc3 O-O {LiveBook: 9 Games} 8. Bd3 (8. cxd5 exd5 9. Be2 Qd7 10. Bxd6 Qxd6 11. O-O Nd8 12. Qb3 c6 13. Ne5 Bxe2 14. Nxe2 {0-1 (54) Xu,J (2510)-Short,N (2683) Caleta 2014}) 8... Ng6 $146 {White is slightly better.} ({Predecessor:} 8... h6 9. cxd5 exd5 10. Qb3 a6 11. O-O Na5 12. Qc2 Bxf3 13. gxf3 b5 14. Rfd1 {1-0 (63) Verzhansky,A (2335)-Kuzmin,I (2218) Irkutsk 2009}) 9. cxd5 exd5 10. Rc1 a6 11. a3 Nce7 12. Qb3 c6 13. Nd2 {[%cal Bf3d2,Bd2b3,Bb3c5][%mdl 32]} Rb8 14. Qc2 Qd7 15. Bxd6 Qxd6 16. O-O Qd7 17. Nb3 (17. a4 {looks sharper.} Bf5 18. b4 Nh4 19. g3 Qe6 20. Rfe1) 17... Bf5 (17... Bf3 $5 {[%cal Rd7g4]} 18. Nd2 (18. gxf3 $2 Qh3 $19) 18... Bg4 $14) 18. f3 (18. Nc5 $14 Qc8 19. Rfd1) 18... Bxd3 19. Qxd3 f5 20. Nc5 Qd6 21. b4 Rfd8 22. Rcd1 Nf8 23. Rfe1 Ne6 24. Nb3 Re8 25. Na4 b6 26. Rc1 Rf8 27. Nb2 a5 28. Qd2 axb4 (28... a4 $5 {[%cal Ra4b3]} 29. Na1 (29. Nxa4 Ra8 $15) 29... g5 $11) 29. axb4 Ra8 30. Nd3 Nc7 31. Ra1 Nb5 32. Qb2 Rfd8 33. Nd2 Ng6 34. g3 Qc7 35. Rec1 Qe7 36. Kf2 Rxa1 (36... Re8 $5 {[%cal Re7e3]} 37. Ne5 Rxa1 38. Rxa1 Nxe5 39. dxe5 Qxe5 40. Qxe5 Rxe5 $11) 37. Qxa1 Re8 38. Nf1 Qe6 39. Qa6 Rb8 40. Qa4 h5 (40... Rc8 $11) 41. Qc2 Rc8 42. Nd2 h4 43. f4 Re8 44. Ne5 Nxe5 (44... hxg3+ $14 45. hxg3 Nd6) 45. dxe5 $18 Rc8 {[#]} (45... Ra8 {was worth a try.} 46. Qxc6 Qxc6 47. Rxc6 Ra2) 46. Nf3 $1 ({Less strong is} 46. gxh4 c5 $16) 46... hxg3+ 47. hxg3 {[%cal Bh2g3,Bg3g4][%mdl 32]} c5 $2 (47... Qg6 48. Nh4 Qh5 49. Qxf5 Qxf5 50. Nxf5 Kf7) 48. Ng5 Qg6 49. g4 Qh6 50. Kg2 ({Not} 50. Qxf5 Qh2+ 51. Ke1 (51. Kf3 Rf8 $16) 51... Ra8 $16) 50... Rf8 51. bxc5 Qh4 52. Qe2 d4 53. Qc4+ {Precision: White = 49%, Black = 29%.} 1-0

[Event "POR-chT 1st League 2017"]
[Site "Leiria"]
[Date "2017.07.22"]
[Round "8"]
[White "Zelbel, Patrick"]
[Black "Iturrizaga Bonelli, Eduardo"]
[Result "0-1"]
[WhiteElo "2452"]
[BlackElo "2664"]
[Annotator "TA"]
[PlyCount "120"]
[EventDate "2017.??.??"]
[EventType "team-tourn"]
[EventCountry "POR"]
[SourceTitle "playchess.com"]
[Source "ChessBase"]
[SourceQuality "1"]

{[%evp 9,120,29,46,25,13,6,13,31,26,27,60,60,46,25,15,10,25,0,0,-17,7,0,0,-8,14,2,42,42,41,16,81,55,58,19,102,93,118,103,103,41,158,19,36,11,2,0,0,0,0,4,7,-13,-10,-13,-15,-15,-15,-16,-12,-45,-43,-73,-56,-50,-49,-49,-49,-49,-49,-56,-56,-56,-56,-65,-52,-86,-39,-37,-28,-47,-53,-84,-81,-108,-78,-297,-295,-443,-441,-395,-208,-235,-203,-203,-147,-142,-129,-158,-139,-172,-171,-407,-393,-420,-404,-445,-441,-415,-419,-564,-557,-798,-791]} 1. e4 c5 2. c3 d5 3. exd5 Qxd5 4. Nf3 g6 5. Na3 (5. d4 Bg7 6. Be2 Nf6 7. c4 Qd8 8. d5 b5 9. O-O O-O 10. a3 bxc4 11. Bxc4 Nbd7 12. Nc3 Nb6 13. Qb3 Nxc4 14. Qxc4 Qb6 15. Re1 Ba6 16. Qh4 Rfe8 17. Ne5 Bb7 {0-1 (32) Bologan,V (2640)-Morozevich,A (2683) Sochi 2016}) 5... Bg7 6. Bc4 {B22: Sicilian: 2 c3} Qe4+ 7. Be2 Nf6 8. d4 {The position is equal.} O-O 9. O-O Nc6 10. dxc5 Qf5 11. Qa4 $146 ({Predecessor:} 11. Nd4 Qxc5 12. Nxc6 Qxc6 {½-½ (36) Sveshnikov,E (2557)-Sax,G (2520) Celje 2003}) 11... Qxc5 12. Be3 Qf5 13. h3 Nd5 14. g4 Qf6 15. Bg5 Qe6 16. Rfe1 $36 {[%mdl 2048] White is pushing.} h6 17. Bh4 (17. Bd1 $5 {[%cal Re1e6]} Qd7 18. Bh4 $11) 17... Nb6 18. Qc2 Qd5 19. Bg3 e5 (19... f5 $11 {keeps the balance.}) 20. Rad1 Qxa2 21. Bb5 {[%cal Rf3e5]} Qe6 (21... Be6 $11) 22. Bxc6 $16 Qxc6 23. Nxe5 Qa4 24. Qb1 (24. Nxg6 $16 Qxc2 25. Ne7+ Kh7 26. Nxc2) 24... Qb3 (24... Re8 $1 $14) 25. Rd4 (25. Rd6 $16) 25... Be6 $11 26. Rb4 (26. Rde4 {is interesting.} Bd5 27. R4e3 Qa2 28. Qc1 Rac8 29. Nc2) 26... Qa2 $1 27. Qxa2 Bxa2 28. Nb5 a5 29. Rd4 Rae8 {[%cal Ba8e8,Be8e7,Be7d7,Bd7d8][%mdl 32]} 30. Rdd1 Bb3 31. Ra1 a4 32. Nd4 Bd5 33. Nb5 Re7 34. Rad1 Bb3 35. Ra1 Rfe8 {[%cal Rg7e5]} (35... Bxe5 $5 36. Bxe5 Nc4 $17) 36. Nd6 Rd8 37. Nf3 Red7 38. Ne8 Bh8 39. Bc7 Nc4 {Hoping for ...Rc8.} 40. Bxd8 Rxd8 41. Nd4 Nxb2 42. Nc7 Bxd4 43. cxd4 Rxd4 44. Re8+ Kh7 45. Re7 Rd2 46. Nb5 Nd1 47. Rxb7 $2 (47. Kf1 $17) 47... Nxf2 $19 48. Nc3 (48. Rc1 $142 Nxh3+ 49. Kf1) 48... Nxh3+ 49. Kf1 Rf2+ (49... Rc2 $142 50. Rc7 Nf4) 50. Ke1 Rg2 51. Ra3 Ng5 {aiming for ...Nf3+.} ({Don't take} 51... Rxg4 {[#]} 52. Nxa4 $1 {[%mdl 512]} Bd5 53. Rd7 $17) 52. Nxa4 Be6 53. Nc5 Bxg4 54. Re3 Kg7 55. Ree7 $2 (55. Rbb3 {keeps fighting.}) 55... h5 {[%cal Bh6h5,Bh5h4,Bh4h3][%mdl 32]} 56. Nd3 h4 {[#] White must now prevent ...h3.} 57. Nf2 Be6 58. Kf1 Rg3 59. Rb4 h3 60. Rh4 Nf3 {Precision: White = 39%, Black = 62%.} 0-1

[Event "POR-chT 1st League 2017"]
[Site "Leiria"]
[Date "2017.07.22"]
[Round "8"]
[White "Damaso, Rui"]
[Black "Camacho Collados, Marcos"]
[Result "1-0"]
[WhiteElo "2434"]
[BlackElo "2417"]
[Annotator "TA"]
[PlyCount "89"]
[EventDate "2017.??.??"]
[EventType "team-tourn"]
[EventCountry "POR"]
[SourceTitle "playchess.com"]
[Source "ChessBase"]
[SourceQuality "1"]

{[%evp 24,89,7,0,6,-6,0,0,0,4,27,16,36,0,33,-46,-24,-19,50,54,48,66,56,42,239,247,241,244,241,229,605,357,430,415,404,215,302,0,420,428,816,781,860,788,801,1056,1023,1035,1035,1009,1152,1124,1162,984,1463,1392,2077,1906,2665,1539,1571,1518,1494,1495,1513,1372,1889,1895]} 1. Nf3 Nf6 2. g3 g6 3. b3 Bg7 4. Bb2 O-O 5. Bg2 c5 6. O-O Nc6 7. c4 d6 8. d4 cxd4 9. Nxd4 Bd7 10. Nc3 Qa5 11. e3 Rac8 12. Qe2 a6 13. Rfd1 {LiveBook: 3 Games. E60: King's Indian: Unusual lines and Fianchetto Variation without Nc3} (13. Rfc1 Rfe8 14. Nd5 Nxd5 15. Bxd5 Nxd4 16. exd4 Bc6 17. Bc3 Qb6 18. Bxc6 bxc6 19. Qd2 d5 20. Rab1 Qa7 {½-½ (29) Burmakin,V (2593)-Kryakvin,D (2539) Voronezh 2007}) 13... Nxd4 14. exd4 b5 15. Qxe7 {The position is equal.} bxc4 $146 ({Predecessor:} 15... Qb4 16. Nd5 Nxd5 17. Bxd5 Bc6 18. Bxc6 Rxc6 19. c5 dxc5 20. d5 Rcc8 21. Bxg7 Kxg7 {1-0 (56) Konopka,M (2395)-Szieberth,A (2330) Hungary 1995}) 16. Qxd6 {With the idea b4.} Bg4 17. b4 Qf5 18. Re1 (18. Qxa6 Bxd1 19. Rxd1 Ng4 $15) 18... Rfd8 19. Qb6 (19. Qxa6 $14 Rxd4 20. f3) 19... Nd7 20. Qa7 $1 {aiming for Nd5.} Qd3 (20... Nb8 $11 21. Be4 Qg5) 21. Nd5 $36 {[%mdl 2048] [#] Ne7+ is the strong threat. Black is under pressure.} ({But not} 21. Qxa6 Bxd4 22. Na4 Nb8 $17) 21... c3 22. Bxc3 $1 ({Don't play} 22. Ne7+ Kh8 $15) 22... Rxc3 23. Re3 Bxd4 $2 (23... Qxd4 $14 24. Qxd4 Bxd4 25. Nxc3 (25. Rxc3 Nb6 $11) 25... Bxe3 26. fxe3 Ne5) 24. Rxd3 $18 Rxd3 25. Qc7 Re8 {[#]} 26. Rf1 $1 Rd2 $2 (26... Kg7 27. h3 Be6) 27. h3 Be6 28. Qf4 Rd3 29. Qe4 (29. Re1 $142) 29... Rd2 (29... Bxf2+ {was worth a try.} 30. Rxf2 Rxd5) 30. Qf4 Rd3 31. Re1 Kg7 (31... Kh8 $142 32. Nc7 Rf8) 32. Nc7 Rc8 33. Bf1 Rxc7 34. Bxd3 Bb6 35. Qd6 Bxh3 36. a4 {[%cal Ba2a4,Ba4a5][%mdl 32]} Rc3 37. a5 Ba7 38. Kh2 Bg4 39. Re7 {Intending Qd5 and mate.} Nf6 40. Rxa7 Bf3 41. Bf1 Rc1 42. Qd3 Be4 43. Qe2 h5 44. f3 Bd5 45. Rxa6 {Precision: White = 52%, Black = 17%.} 1-0

[Event "POR-chT 1st League 2017"]
[Site "Leiria"]
[Date "2017.07.22"]
[Round "8"]
[White "Luch, Michal"]
[Black "Larino Nieto, David"]
[Result "1/2-1/2"]
[WhiteElo "2393"]
[BlackElo "2495"]
[Annotator "TA"]
[PlyCount "94"]
[EventDate "2017.??.??"]
[EventType "team-tourn"]
[EventCountry "POR"]
[SourceTitle "playchess.com"]
[Source "ChessBase"]
[SourceQuality "1"]

{[%evp 16,94,9,20,33,9,24,20,32,38,45,28,28,32,23,22,22,0,-3,-35,-33,-45,-41,-32,-27,-34,-17,-17,-18,-22,-17,-37,-31,-31,-31,-58,-52,-52,-31,-58,-31,-35,-19,-19,-16,-21,-12,-12,0,-43,0,-12,0,-39,-33,-33,-33,-33,-22,-22,-22,-22,-21,-21,-21,-21,0,0,0,-20,-20,-20,-20,-20,-20,-20,0,-20,0,-20,0]} 1. d4 g6 2. e4 c6 3. Nc3 d5 4. h3 Bg7 5. Nf3 dxe4 6. Nxe4 Nf6 7. Nxf6+ exf6 8. Bc4 O-O 9. O-O Re8 {B15: Caro-Kann: 3 Nc3: 3...g6 and 3...dxe4 4 Nxe4 Nf6 5 Nxf6+ exf6} (9... Nd7 10. Re1 b5 11. Bb3 Nb6 12. a4 bxa4 13. Bxa4 Nxa4 14. Rxa4 Be6 15. b3 {½-½ (15) Gurevich,V (2471)-Rotstein,A (2501) Germany 2017}) 10. Re1 Rxe1+ 11. Qxe1 a5 $146 ({Predecessor:} 11... Nd7 12. Be2 Nf8 13. Be3 Ne6 14. Rd1 b6 15. a4 Bb7 16. a5 Qe7 17. Bc4 {½-½ (60) Cijs,P (2309)-Van Osmael,A (2114) ICCF email 2007}) 12. a4 Bf5 13. Bb3 Na6 14. Bd2 b6 $1 15. Qe2 Bf8 16. Qc4 (16. Nh4 $5 {[%cal Rh4f5]} Bd7 17. Qd3 $14) 16... Qd7 17. d5 cxd5 18. Qxd5 Qxd5 19. Bxd5 Rd8 20. Bb3 Be4 {[#] ...Bxf3 is the strong threat.} 21. Bc3 Bxf3 22. gxf3 Kg7 23. Bc4 Nb4 24. Bxb4 Bxb4 $15 {[%mdl 4096] Endgame KRB-KRB} 25. Bd3 f5 26. Rd1 Kf6 27. Be2 Re8 28. Bc4 Re7 29. Kg2 Rc7 30. b3 Kg5 31. Rd5 Bc5 32. Bb5 Bb4 33. Bc4 Re7 34. Rd1 f4 35. Rd5+ f5 36. Rd1 h5 37. Bb5 {The position is equal.} Bc5 38. Bc4 Kf6 39. Kf1 Bb4 40. Kg2 g5 41. Rd5 Re5 42. Rxe5 (42. Rd7 {keeps more tension.} h4 43. Rf7+ Kg6 44. Rd7 Be7 45. Rc7) 42... Kxe5 $11 {KB-KB} 43. Bf7 h4 44. Bg6 Kf6 45. Bh5 Ke5 46. Bg6 Kf6 47. Bh5 Ke5 {Precision: White = 65%, Black = 40%.} 1/2-1/2

[Event "POR-chT 1st League 2017"]
[Site "Leiria"]
[Date "2017.07.22"]
[Round "8"]
[White "Trigo Urquijo, Sergio"]
[Black "Neto, Horacio"]
[Result "1-0"]
[WhiteElo "2389"]
[BlackElo "2162"]
[Annotator "NA"]
[PlyCount "67"]
[EventDate "2017.??.??"]
[EventType "team-tourn"]
[EventCountry "POR"]
[SourceTitle "playchess.com"]
[Source "ChessBase"]
[SourceQuality "1"]
[TimeControl "5400+30"]

1. e4 c5 2. Nc3 Nc6 3. g3 g6 4. Bg2 Bg7 5. d3 d6 6. f4 e6 7. Nf3 Nge7 8. O-O O-O 9. Be3 Nd4 10. e5 Nxf3+ 11. Qxf3 Nf5 12. Bf2 Nd4 13. Qd1 d5 14. Na4 b6 15. b4 f6 16. bxc5 fxe5 17. c3 Nc6 18. cxb6 exf4 19. bxa7 fxg3 20. hxg3 Nxa7 21. Nb6 Rxf2 22. Nxa8 Rxf1+ 23. Qxf1 Bxc3 24. Rc1 Bd4+ 25. Kh2 Qg5 26. Rc7 Qh5+ 27. Bh3 g5 28. Kg2 Qg6 29. Qe2 Kh8 30. Nb6 Bxb6 31. Qb2+ d4 32. Qxb6 Qxd3 33. Qb2 Ba6 34. Rxa7 1-0

[Event "POR-chT 1st League 2017"]
[Site "Leiria"]
[Date "2017.07.22"]
[Round "8"]
[White "Espineira Gonzalez, Diego"]
[Black "Brodowski, Piotr"]
[Result "0-1"]
[WhiteElo "2364"]
[BlackElo "2442"]
[Annotator "TA"]
[PlyCount "64"]
[EventDate "2017.??.??"]
[EventType "team-tourn"]
[EventCountry "POR"]
[SourceTitle "playchess.com"]
[Source "ChessBase"]
[SourceQuality "1"]

{[%evp 18,64,-5,-2,5,-10,-13,-57,-64,-63,-77,-70,-75,-64,-65,-113,-109,-118,-106,-109,-118,-115,-97,-119,-101,-137,-33,-36,0,-74,-63,-69,-73,-105,-105,-102,-101,-208,-214,-229,-223,-235,-202,-246,-158,-415,-434,-428,-406]} 1. e4 c5 2. Nf3 Nc6 3. d4 cxd4 4. Nxd4 g6 5. Nc3 Bg7 6. Nde2 Nf6 7. g3 b5 8. Bg2 Rb8 9. O-O O-O 10. Nd5 {LiveBook: 25 Games. B34: Sicilian: Accelerated Dragon with 5 Nc3: sidelines} (10. h3 a5 11. a3 d6 12. Be3 Nd7 13. Rb1 b4 14. axb4 axb4 15. Nd5 Ba6 16. Re1 e6 17. Ndf4 Qc7 18. Qd2 Nce5 19. b3 Rfc8 {1-0 (58) Caruana,F (2808)-Vachier Lagrave,M (2796) Stavanger 2017}) 10... b4 11. Bg5 Ng4 $146 ({Predecessor:} 11... e6 12. Nxf6+ Bxf6 13. Bxf6 Qxf6 14. Rb1 Ba6 15. Re1 Rfd8 16. Nc1 d5 17. exd5 Ne7 {½-½ (59) Bojda,L-Widera,J (2185) Hlohovec 1996}) 12. Qc1 {The position is equal.} (12. h3 $5 {[%cal Rh3g4]} Nge5 13. a3 $11) 12... Ba6 13. Re1 Rc8 14. Ne3 Nge5 15. Qd1 d6 16. Bf4 Nd7 {[#] And now ...e5 would win.} 17. Nd5 Bxb2 {...Bxe2 is the strong threat.} 18. Rb1 Bg7 19. Nxb4 Nxb4 20. Rxb4 Qa5 21. Qb1 Qh5 (21... Ne5 $17 22. Be3 Nc6) 22. Nd4 $15 Qa5 {Threatens to win with ...e5.} 23. Bh3 (23. Ne2 $11) 23... Rfd8 $36 {[%mdl 2048] White must now prevent ...e5. Black is more active.} 24. Bd2 e6 25. Nb3 Qh5 26. Bg2 Nb6 {[%cal Bd7b6,Bb6c4,Bc4a3,Ba3c2][%mdl 32]} 27. h3 {[#]} (27. h4 $17) 27... Nc4 $1 $19 28. Ra4 Qb5 29. Rb4 Qd7 {aiming for ...Na3.} 30. Bf1 Na3 31. Qd1 $2 (31. Qc1 $17 Bxf1 32. Qxa3 Bxh3 33. Qa6) 31... Bxf1 32. Rxf1 Nxc2 {Precision: White = 26%, Black = 65%.} 0-1

[Event "POR-chT 1st League 2017"]
[Site "Leiria"]
[Date "2017.07.22"]
[Round "8"]
[White "Hammes, Michael"]
[Black "Padeiro, Jose"]
[Result "1/2-1/2"]
[WhiteElo "2349"]
[BlackElo "2276"]
[Annotator "NA"]
[PlyCount "56"]
[EventDate "2017.??.??"]
[EventType "team-tourn"]
[EventCountry "POR"]
[SourceTitle "playchess.com"]
[Source "ChessBase"]
[SourceQuality "1"]
[TimeControl "5400+30"]

1. d4 {[%emt 0:00:00]} d5 {[%emt 0:00:20]} 2. c4 {[%emt 0:00:00]} c6 {[%emt 0:00:06]} 3. Nc3 {[%emt 0:00:03]} Nf6 {[%emt 0:00:04]} 4. e3 {[%emt 0:00:48]} a6 {[%emt 0:00:54]} 5. Nf3 {[%emt 0:02:37]} g6 {[%emt 0:01:12]} 6. a4 {[%emt 0:07:26]} Bg7 {[%emt 0:00:28]} 7. a5 {[%emt 0:01:25]} O-O {[%emt 0:00:50]} 8. Be2 {[%emt 0:00:41]} Ne4 {[%emt 0:21:37]} 9. O-O {[%emt 0:03:24]} Nxc3 {[%emt 0:03:34]} 10. bxc3 {[%emt 0:00:03]} c5 {[%emt 0:00:21]} 11. cxd5 {[%emt 0:13:56]} cxd4 12. cxd4 {[%emt 0:00:15]} Qxd5 {[%emt 0:00:50]} 13. Nd2 {[%emt 0:00:45]} Nc6 {[%emt 0:03:49]} 14. Nc4 {[%emt 0:00:50]} Rb8 {[%emt 0:00:51]} 15. Bb2 {[%emt 0:03:12]} Qd8 16. Qd2 Na7 {[%emt 0:16:06]} 17. Rfd1 {[%emt 0:05:44]} Bd7 {[%emt 0:00:56]} 18. d5 {[%emt 0:01:31]} Bxb2 {[%emt 0:01:15]} 19. Qxb2 {[%emt 0:00:05]} Bb5 {[%emt 0:01:54]} 20. e4 {[%emt 0:05:31]} Rc8 {[%emt 0:07:44]} 21. Qd4 {[%emt 0:05:45]} Bxc4 {[%emt 0:00:50]} 22. Bxc4 {[%emt 0:00:02]} Nb5 {[%emt 0:14:38]} 23. Bxb5 {[%emt 0:03:20]} axb5 {[%emt 0:00:01]} 24. Qb4 {[%emt 0:00:58]} Qd7 {[%emt 0:00:16]} 25. Rab1 {[%emt 0:01:04]} Rc4 {[%emt 0:05:15]} 26. Qxb5 {[%emt 0:03:18]} Qxb5 {[%emt 0:00:11]} 27. Rxb5 {[%emt 0:00:02]} Rxe4 {[%emt 0:00:09]} 28. g3 {[%emt 0:00:36]} Ra8 {[%emt 0:03:24]} 1/2-1/2